000 00396nam a22001457a 4500
005 20200710130330.0
008 200710b xxu||||| |||| 00| 0 eng d
082 _a345.4005 BHA-I
100 _aBHATT, VIJAY
_96284
245 _aINDIAN BAR REVIEW Vol. XLII(3) 2015 (JULY TO SEP)
260 _aNEW DELHI
_bBAR COUNCIAL OF INDIA TRUST
_c2015
300 _a247p.
650 _aLAW
_95701
942 _cJRL
999 _c7414
_d7412